LEADER 03798oam 2200721I 450 001 9910451543903321 005 20200520144314.0 010 $a1-134-84396-8 010 $a0-585-44797-7 010 $a0-203-42657-6 010 $a1-280-32032-X 024 7 $a10.4324/9780203426579 035 $a(CKB)1000000000249930 035 $a(EBL)166773 035 $a(OCoLC)52420208 035 $a(SSID)ssj0000154548 035 $a(PQKBManifestationID)11161423 035 $a(PQKBTitleCode)TC0000154548 035 $a(PQKBWorkID)10427225 035 $a(PQKB)10645328 035 $a(SSID)ssj0000296329 035 $a(PQKBManifestationID)11238337 035 $a(PQKBTitleCode)TC0000296329 035 $a(PQKBWorkID)10326797 035 $a(PQKB)10978891 035 $a(MiAaPQ)EBC166773 035 $a(Au-PeEL)EBL166773 035 $a(CaPaEBR)ebr10057701 035 $a(CaONFJC)MIL32032 035 $a(EXLCZ)991000000000249930 100 $a20180706d1995 uy 0 101 0 $aeng 135 $aur|n|---||||| 181 $ctxt 182 $cc 183 $acr 200 00$aFieldwork and footnotes $estudies in the history of European anthropology /$fedited by Han F. Vermeulen and Arturo Alvarez Roldan 210 1$aLondon ;$aNew York :$cRoutledge,$d1995. 215 $a1 online resource (276 p.) 300 $a"European Association of Social Anthropologists." 311 $a0-415-10656-7 311 $a0-415-10655-9 320 $aIncludes bibliographical references and index. 327 $aCover; Fieldwork and footnotes: Studies in the history of European anthropology; Copyright; Contents; Contributors; Acknowledgements; Introduction: The history of anthropology and Europe; Part I The origins of anthropology in Europe; 1 Towards a prehistory of ethnography: Early modern German travel writing as traditions of knowledge; 2 Origins and institutionalization of ethnography and ethnology in Europe and the USA, 1771-1845; 3 Discovering the whole of humankind: The genesis of anthropology through the Hegelian looking-glass 327 $a4 Enlightenment and Romanticism in the work of Adolf Bastian: The historical roots of anthropology in the nineteenth centuryPart II Contributions to European anthropology; 5 Orang Outang and the definition of Man: The legacy of Lord Monboddo; 6 Beyond evolutionism: The work of H.J.Nieboer on slavery, 1900-1910; 7 Bronislaw Kasper Malinowski and Stanislaw Ignacy Witkiewicz: Science versus art in the conceptualization of culture; 8 Malinowski and the origins of the ethnographic method; Part III Anthropological traditions in Europe; 9 Sweden: central ethnology, peripheral anthropology 327 $a10 The anthropological tradition in Slovenia11 Ethnography and anthropology: The case of Polish ethnology; 12 Historical anthropology and the history of anthropology in Germany; 13 Spanish social anthropologists in Mexico: Anthropology in exile and anthropology of exiles; 14 A history of paradoxes: Anthropologies of Europe; Index 330 $aThis book brings together 14 studies of the history of European anthropology from the 17th century onwards, each of which have great relevance for current debates within the discipline. 606 $aAnthropology$zEurope$xHistory 606 $aEthnology$zEurope$xHistory 608 $aElectronic books. 615 0$aAnthropology$xHistory. 615 0$aEthnology$xHistory. 676 $a306/.094 701 $aAlvarez Roldan$b Arturo$f1963-$0143536 701 $aVermeulen$b Han F.$f1952-$0887409 712 02$aEuropean Association of Social Anthropologists. 801 0$bMiAaPQ 801 1$bMiAaPQ 801 2$bMiAaPQ 906 $aBOOK 912 $a9910451543903321 996 $aFieldwork and footnotes$91982481 997 $aUNINA LEADER 03087oam 2200589 450 001 996463253503316 005 20230803033003.0 010 $a9783110399264$b(ebook) 010 $a9788376560595$b(PDF ebook) 010 $z9788376560588$b(hardback) 024 7 $a10.2478/9788376560595 035 $a(CKB)2670000000528792 035 $a(SSID)ssj0001326144 035 $a(PQKBManifestationID)11977179 035 $a(PQKBTitleCode)TC0001326144 035 $a(PQKBWorkID)11516538 035 $a(PQKB)10740728 035 $a(DE-B1597)212047 035 $a(OCoLC)900719230 035 $a(DE-B1597)9788376560595 035 $a(EXLCZ)992670000000528792 100 $a20160829d2013 uy | 101 0 $aeng 135 $au|bu#---|u|uu 181 $ctxt$2rdacontent 182 $cc$2rdamedia 183 $acr$2rdacarrier 200 10$aMusket, map and money $ehow military technology shaped geopolitics and economics /$fJimmy Teng 210 31$aGermany :$cWalter De Gruyter Incorporated,$d2013 215 $a1 online resource (196 p.) 300 $aBibliographic Level Mode of Issuance: Monograph 311 08$aPrint version: 9788376560588 320 $aIncludes bibliographical references and index. 327 $tFrontmatter --$tContents --$tCHAPTER 1 Introduction --$tCHAPTER 2 Military Technology, Geopolitics and Economic Development --$tCHAPTER 3 Ancient Middle Eastern Leadership --$tCHAPTER 4 Classical Pluralism --$tCHAPTER 5 Gupta Efflorescence --$tCHAPTER 6 Abbasid Golden Age and Sung Puzzle --$tCHAPTER 7 The Rise of the West --$tEPILOGUE The Contemporary Global State System --$tBibliography --$tIndex 330 $aWaves of military technological changes have swept through the Eurasian land mass since the dawn of civilization. Military technological changes decisively shaped geopolitics and the fortunes of states, empires and civilizations. In his book Jimmy Teng claims that to understand the impacts of these military technological changes is in fact to understand the causes behind the following major historical puzzles or important facts: the leading position of the Near East during the dawn of civilization; the splendid achievements of Greece, India and China during the axial era; the classical golden age of India under the Gupta Empire; the Abbasid Golden Age of the Islamic world and the Sung Puzzle of China during the medieval era; and the rise of the West during the early modern and modern era. 606 $aMilitary & Naval Science$2HILCC 606 $aLaw, Politics & Government$2HILCC 606 $aMilitary Science - General$2HILCC 610 $aEconomic Development. 610 $aInternational Political Competition. 610 $aMilitary Technology. 610 $aWorld History. 615 7$aMilitary & Naval Science 615 7$aLaw, Politics & Government 615 7$aMilitary Science - General 676 $a330 700 $aTeng$b Jimmy$f1965-$0802456 801 0$bPQKB 801 2$bUkMaJRU 912 $a996463253503316 996 $aMusket, Map and Money$92004784 997 $aUNISA